Detalles MARC
| 000 -LIDER |
| fixed length control field |
01144nam a2200397 b 4500 |
| 001 - NÚMERO DE CONTROL |
| Identificador de número de control |
0200418 |
| 003 - IDENTIFICACDOR DE NÚMERO DE CONTROL |
| control field |
DO-SdBNP |
| 005 - DATE AND TIME OF LATEST TRANSACTION |
| control field |
20210505131938.0 |
| 007 - CAMPOS FIJOS DE DESCRIPCIÓN FÍSICA |
| fixed length control field |
0200418 |
| 008 - ELEMENTOS DE LONGITUD FIJA |
| fixed length control field |
050210s2008 sp | ||| ||spa |
| 016 7# - NO. DE CONTROL DE LA AGENCIA BIB. NACIONAL |
| Record control number |
|
| Source |
BPSMU |
| 017 ## - NÚMERO DE REGISTRO DE DERECHOS DE AUTOR |
| Copyright or legal deposit number |
|
| Assigning agency |
|
| 020 ## - ISBN |
| International Standard Book Number |
9788430605613 |
| 035 ## - NÚMERO LOCAL |
| System control number |
|
| 040 ## - FUENTE DE CATALOGACIÓN |
| Agencia que crea de manera original el registro |
BPMSU |
| Idioma de catalogación |
spa |
| Agencia que realiza la transcripción |
BPMSU |
| Convenciones de la despripción |
|
| 041 ## - CÓDIGOS DE OBRAS TRADUCIDAS O EN VARIOS IDIOMAS |
| Cód. del idioma original y/o traducciones intermedias del texto |
|
| 080 #0 - NÚMERO DE CLASIFICACIÓN DECIMAL UNIVERSAL |
| Universal Decimal Classification number |
|
| 080 #0 - NÚMERO DE CLASIFICACIÓN DECIMAL UNIVERSAL |
| Universal Decimal Classification number |
|
| 082 ## - NÚMERO DE CLASIFICACIÓN DECIMAL DE DEWEY |
| Classification number |
940.554 |
| Item number |
G618e, 2008 |
| 100 1# - ASIENTO PRINCIPAL -- NOMBRE PERSONAL |
| Nombre personal |
Goldensohn, Leon |
| 240 10 - TITULO UNIFORME |
| Título uniforme |
The Nuremberg interviews |
| Idioma de una obra |
Español |
| 245 14 - MENCIÓN DE TITULO |
| Título |
Las entrevistas de Nuremberg / |
| Medio (Designación general de material) |
|
| Mención de responsabilidad |
Leon Goldensohn ; edición e introducción de Robert Gellately |
| 250 ## - MENCIÓN DE EDICION |
| Mención de edición |
3a. ed. |
| 260 0# - PUBLICACIÓN, DISTRIBUCIÓN, ETC. (PIE DE IMPRENTA) |
| Lugar de publicación, distribución, etc |
Madrid : |
| Nombre del editor, distribuidor, etc. |
Taurus, |
| Fecha de publicación, distribución, etc |
2008 |
| 300 ## - DESCRIPCIÓN FÍSICA |
| Extensión |
590 p. : |
| Otros detalles físicos |
il. ; |
| Dimensiones |
26 cm |
| 490 ## - MENCIÓN DE SERIES |
| Mención de serie |
|
| 500 ## - NOTA GENERAL |
| Nota general |
Incluye índice |
| 650 #4 - ENCABEZAMIENTO DE MATERIA--TEMÁTICO |
| Término temático o nombre geográfico como elemento de entrada |
Juicio de Nuremberg |
| Fechas activas |
1945-1946 |
| Fuente del encabezamiento o término |
|
| 650 #4 - ENCABEZAMIENTO DE MATERIA--TEMÁTICO |
| Término temático o nombre geográfico como elemento de entrada |
Criminales de Guerra |
| Subdivisión geográfica |
Alemania |
| Subdivisión de forma |
Entrevistas |
| 650 #4 - ENCABEZAMIENTO DE MATERIA--TEMÁTICO |
| Término temático o nombre geográfico como elemento de entrada |
Guerra Mundial |
| Subdivisión cronológica |
1939-1945 |
| Subdivisión temática general |
Atrocidades |
| 700 12 - ASIENTO SECUNDARIO -- NOMBRE PERSONAL |
| Nombre personal |
Gellately, Robert |
| Fechas asociadas con el nombre |
1943- |
| Mención de responsabilidad |
ed. |
| 700 1# - ASIENTO SECUNDARIO -- NOMBRE PERSONAL |
| Nombre personal |
|
| 910 ## - VALIDACIÓN |
| Validación |
VMateo Validado. Control de calidad MFF |
| 942 ## - ADDED ENTRY ELEMENTS (KOHA) |
| Source of classification or shelving scheme |
Dewey Decimal Classification |
| Koha item type |
Libros |
| 956 ## - LOCAL ELECTRONIC LOCATION AND ACCESS (OCLC) |
| Nombre de host |
VMATEO |
| Información de compresión |
10 |
| Trayectoria |
20160824 |
| Nombre Electrónico |
BPMSU |
| Procesador de solicitud |
0069 |